<?xml version="1.0" encoding="UTF-8"?>
<record
    xmlns:xsi="http://www.w3.org/2001/XMLSchema-instance"
    xsi:schemaLocation="http://www.loc.gov/MARC21/slim http://www.loc.gov/standards/marcxml/schema/MARC21slim.xsd"
    xmlns="http://www.loc.gov/MARC21/slim">

  <leader>02174nam a22002297a 4500</leader>
  <controlfield tag="005">20260515115421.0</controlfield>
  <controlfield tag="008">260422b        |||||||| |||| 00| 0 eng d</controlfield>
  <datafield tag="040" ind1=" " ind2=" ">
    <subfield code="c">AL</subfield>
  </datafield>
  <datafield tag="041" ind1=" " ind2=" ">
    <subfield code="a">eng</subfield>
  </datafield>
  <datafield tag="082" ind1=" " ind2=" ">
    <subfield code="a">346.043</subfield>
    <subfield code="b">BIRL</subfield>
  </datafield>
  <datafield tag="100" ind1=" " ind2=" ">
    <subfield code="a">S G Biradar</subfield>
    <subfield code="9">263997</subfield>
  </datafield>
  <datafield tag="245" ind1=" " ind2=" ">
    <subfield code="a">Land acquisition a paradigm shift</subfield>
  </datafield>
  <datafield tag="260" ind1=" " ind2=" ">
    <subfield code="a">Dharwad</subfield>
    <subfield code="b">Birsons Enterprises and Consultancy Services</subfield>
    <subfield code="c">2018</subfield>
  </datafield>
  <datafield tag="300" ind1=" " ind2=" ">
    <subfield code="a">xxvi,389p</subfield>
    <subfield code="b">HB</subfield>
    <subfield code="c">22.5x14.5cm</subfield>
  </datafield>
  <datafield tag="365" ind1=" " ind2=" ">
    <subfield code="2">Law</subfield>
    <subfield code="a">1343</subfield>
    <subfield code="b">&#x20B9;487.50</subfield>
    <subfield code="c">&#x20B9;</subfield>
    <subfield code="d">&#x20B9;650.00</subfield>
    <subfield code="e">25%</subfield>
    <subfield code="f">14-03-2026</subfield>
  </datafield>
  <datafield tag="520" ind1=" " ind2=" ">
    <subfield code="a">The "paradigm shift" referenced in the title refers to the transition from the colonial-era Land Acquisition Act of 1894 to the modern Right to Fair Compensation and Transparency in Land Acquisition, Rehabilitation and Resettlement Act, 2013 (LARR Act). 
International Journal of Law
Fair Compensation: Biradar's work explores the determination of compensation and the legal guarantee of rights for project-affected families, which was often missing or outdated under previous laws.
Karnataka Context: The text is frequently cited in the Karnataka State Law University (KSLU) syllabus for LL.B. students, particularly for units covering the Karnataka Land Revenue Act, 1964 and related local amendments.
Launch and Recognition: The book was officially launched at the KAS Officers Association in January 2019. 
KSLU
KSLU
 +8
Would you like to explore specific sections of the Karnataka Land Revenue Act or more details on the SIA process mentioned in Biradar's work?
International Journal of Law
 +1
Key Concepts and Context
Legislative Shift: The book discusses how the 2013 Act replaced the 1894 Act, moving from a government-centric "eminent domain" model to a more participative and transparent process.
Mandatory Social Impact Assessment (SIA): A major focus is the requirement for an expert committee to conduct an SIA before any land notification, ensuring a "humane and participative" approach.</subfield>
  </datafield>
  <datafield tag="650" ind1=" " ind2=" ">
    <subfield code="2">a</subfield>
    <subfield code="a">Novelty and Dynamism</subfield>
    <subfield code="9">262291</subfield>
  </datafield>
  <datafield tag="650" ind1=" " ind2=" ">
    <subfield code="a">Offences and Penalties</subfield>
    <subfield code="9">262292</subfield>
  </datafield>
  <datafield tag="650" ind1=" " ind2=" ">
    <subfield code="a">Resettlement Authority</subfield>
    <subfield code="9">262293</subfield>
  </datafield>
  <datafield tag="650" ind1=" " ind2=" ">
    <subfield code="a">New Law relating to land acquisition rehabilitation and resettlement</subfield>
    <subfield code="9">262294</subfield>
  </datafield>
  <datafield tag="942" ind1=" " ind2=" ">
    <subfield code="2">ddc</subfield>
    <subfield code="c">BK</subfield>
  </datafield>
  <datafield tag="999" ind1=" " ind2=" ">
    <subfield code="c">241326</subfield>
    <subfield code="d">241326</subfield>
  </datafield>
  <datafield tag="952" ind1=" " ind2=" ">
    <subfield code="0">0</subfield>
    <subfield code="1">0</subfield>
    <subfield code="2">ddc</subfield>
    <subfield code="4">0</subfield>
    <subfield code="7">0</subfield>
    <subfield code="8">Law</subfield>
    <subfield code="a">LL</subfield>
    <subfield code="b">LL</subfield>
    <subfield code="d">2026-04-16</subfield>
    <subfield code="e">MPP House Bengaluru-560009</subfield>
    <subfield code="g">487.50</subfield>
    <subfield code="l">0</subfield>
    <subfield code="o">346.043 BIRL</subfield>
    <subfield code="p">LL002594</subfield>
    <subfield code="r">2026-04-22 10:18:15</subfield>
    <subfield code="v">650.00</subfield>
    <subfield code="w">2026-03-14</subfield>
    <subfield code="y">BK</subfield>
  </datafield>
  <datafield tag="952" ind1=" " ind2=" ">
    <subfield code="0">0</subfield>
    <subfield code="1">0</subfield>
    <subfield code="2">ddc</subfield>
    <subfield code="4">0</subfield>
    <subfield code="7">0</subfield>
    <subfield code="8">Law</subfield>
    <subfield code="a">LL</subfield>
    <subfield code="b">LL</subfield>
    <subfield code="d">2026-04-16</subfield>
    <subfield code="e">MPP House Bengaluru-560009</subfield>
    <subfield code="g">487.50</subfield>
    <subfield code="l">0</subfield>
    <subfield code="o">346.043 BIRL</subfield>
    <subfield code="p">LL002595</subfield>
    <subfield code="r">2026-04-22 10:18:15</subfield>
    <subfield code="v">650.00</subfield>
    <subfield code="w">2026-03-14</subfield>
    <subfield code="y">BK</subfield>
  </datafield>
  <datafield tag="952" ind1=" " ind2=" ">
    <subfield code="0">0</subfield>
    <subfield code="1">0</subfield>
    <subfield code="2">ddc</subfield>
    <subfield code="4">0</subfield>
    <subfield code="7">0</subfield>
    <subfield code="8">Law</subfield>
    <subfield code="a">LL</subfield>
    <subfield code="b">LL</subfield>
    <subfield code="d">2026-04-16</subfield>
    <subfield code="e">MPP House Bengaluru-560009</subfield>
    <subfield code="g">487.50</subfield>
    <subfield code="l">0</subfield>
    <subfield code="o">346.043 BIRL</subfield>
    <subfield code="p">LL002596</subfield>
    <subfield code="r">2026-04-22 10:18:15</subfield>
    <subfield code="v">650.00</subfield>
    <subfield code="w">2026-03-14</subfield>
    <subfield code="y">BK</subfield>
  </datafield>
</record>
